000 01007nam a22002654a 4500
005 20090604161554.0
008 020212s2002 flua 000 0 eng
010 _aENG-93894
020 _c200.00
_a9788178001470
035 _aEN-77427
037 _bDBAD / PUB
040 _adpl
_bEnglish
082 _a620.106
100 _aZoeb Husain
245 _aBasic fluid mechanics and hydraulic machines /
_cby Zoeb Husain, Zulkifly Abdullah [and] Zainal Alimudin
260 _aHyderabad
_bBS Publications
_c2008
270 _a4-4-3-9, Giriraj Lane, Sultan Bazar,
_bHyderabad
_e500095
300 _axviii, 234p.
_c24cm(pbk)
500 _aIncludes references and index
650 _aFluid mechanics
700 _aZulkifly Abdullah
700 _aZainal Alimudin
942 _2ddc
_cEN
_mZOE
_h620.106
999 _c27244
_d27244